000 00882nmm a2200277 a 4500
001 ocm0001256844
003 TR-IsHL
005 20201028184801.0
008 190529s2014 tu tur
007 cr cn
020 _a9786055904906
035 _a1256844
_b(N$T)
050 0 4 _aPL248.O53
_bM4 2014
090 0 4 _aPL248.O53
_bM4 2014
100 1 _aÖnderoğlu, Neslihan
245 1 0 _aMevsim normalleri: öykü
_h[electronic resource] /
_cNeslihan Önderoğlu
250 _a2. Basım
260 _aİstanbul :
_bNotos Kitap,
_c2014
300 _a112 p.
650 4 _aDil ve Edebiyat
650 4 _aLanguage and Literature
650 0 _aKısa öyküler, Türk
650 0 _aShort stories, Turkish
650 7 _aLITERARY COLLECTIONS / Middle Eastern
_2bisacsh
856 4 0 _uhttp://search.ebscohost.com/login.aspx?direct=true&scope=site&db=e011xww&AN=1256844
999 _c21163
_d21163